| 000 | 01016nam0a2200277 4500 | ||
|---|---|---|---|
| 001 | RU\NLR\BIBL_A\011249964 | ||
| 005 | 20260407064012.0 | ||
| 010 |
_a978-5-389-01133-5 _93000 |
||
| 021 |
_aRU _b2016-75852 _94928 |
||
| 035 | _a(NILC)RuMoRGB-007860490 | ||
| 035 | _a(NLR Aleph) 011249964 | ||
| 090 |
_a12161432 _c12161432 |
||
| 100 | _a20161018d2016 |||y0rusy50 ca | ||
| 101 | 1 |
_arus _ceng |
|
| 102 | _aRU | ||
| 105 | _ay|||z|||000a | ||
| 200 | 1 |
_aПовесть о двух городах _e[роман] _fЧарльз Диккенс _g[пер. с англ. Е. Г. Бекетовой] |
|
| 210 |
_aСанкт-Петербург _cАзбука [и др.] _aКиев _cМахаон-Украина _d2016 |
||
| 215 |
_a445, [1] с. _d18 |
||
| 225 | 1 | _aАзбука-классика | |
| 686 | 1 | _aШ6(4Вл)57-440.4(Лх1296.1-50) | |
| 700 | 1 |
_7ca _8rus _aДиккенс _bЧ. _f1812-1870 _gЧарлз _9123656 _3RU\NLR\AUTH\7713978 |
|
| 942 | _cBOOK | ||
| 980 | _aNB | ||